Normal view
MARC view
Entry Personal Name
001 - CONTROL NUMBER
- control field: 12651
003 - CONTROL NUMBER IDENTIFIER
- control field: BD-RjUL
005 - DATE AND TIME OF LATEST TRANSACTION
- control field: 20240422114444.0
008 - FIXED-LENGTH DATA ELEMENTS
- fixed length control field: 240422|| aca||aabn | a|a d
040 ## - CATALOGING SOURCE
- Original cataloging agency: BD-RjUL
- Transcribing agency: BD-RjUL
100 ## - HEADING--PERSONAL NAME
- Personal name: Nasrin, Jahanara
670 ## - SOURCE DATA FOUND
- Source citation: Work cat.: (BD-RjUL)83556: Nasrin, Jahanara, Studies on the Peroxo Compiexes of Zr(iv), Th(iv), Mo(vi), and U(vi) with Organic Acids and Amine Bases /, 2005